000
00229nam a2200097Ia 4500
001
640220
005
20250826153443.0
008
250824s9999 xx 000 0 und d
245
0
_a
7 Fidye
_c
John Flanagan
260
_b
BEYAZ BALİNA
999
_c
640220
_d
640220